Ako vybrať poistenie a poisťovateľa

Rady a odporúčania ako predchádzať mimoriadnym udalostiam a ako riešiť prípadné finančné straty, ktoré môžu pri podnikaní vzniknúť pri neočakávaných udalostiach. Rady podnikateľom v oblasti výberu poistenia a poisťovateľa.

Enregistré dans:
Détails bibliographiques
Auteur principal: Chovan, Pavel
Format: Chapitre de livre
Langue:slovaque
Sujets:
Tags: Ajouter un tag
Pas de tags, Soyez le premier à ajouter un tag!

MARC

LEADER 00000naa a2200000 4500
001 r020868
005 20230809082549.2
041 0 |a slo 
044 |a SK 
245 1 0 |a Ako vybrať poistenie a poisťovateľa  |c P. Chovan 
520 |a Rady a odporúčania ako predchádzať mimoriadnym udalostiam a ako riešiť prípadné finančné straty, ktoré môžu pri podnikaní vzniknúť pri neočakávaných udalostiach. Rady podnikateľom v oblasti výberu poistenia a poisťovateľa. 
610 2 0 |a podnikatelia 
610 2 0 |a podnikanie 
610 2 0 |a riziko 
610 2 0 |a poistenie 
610 2 0 |a poisťovatelia 
610 2 0 |a zmluvy poistné 
100 1 |a Chovan, Pavel